• 首页
  • 本馆介绍
  • 公告通知
  • 最新文献
  • 馆藏检索
  • 电子资源
  • 读者导购
  • 参考咨询
  • 我的图书馆
  • 登录
  • 详细信息显示
  • 放入我的书架
  • 预约/预借图书
  • 作者相关作品
  • 分类相关作品
  • 丛书相关作品
  • 出版社相关作品

书目信息

  • 表格格式
  • 工作单格式
  • 卡片格式
题名:
Access 2010数据库应用案例教程
    
 
作者: 国静萍 , 高云全 , 刘建新 主编
分册:  
出版信息: 上海   上海交通大学出版社  2015
页数: 381页
开本: 26cm
丛书名:
单 册:
中图分类: TP311.138AC , TP311.138
科图分类:
主题词: 关系数据库系统--高等学校--教材
电子资源:
ISBN: 978-7-313-13680-0
000 00986nam0 2200277 450
001 220
005 20180921141858.28
010    @a978-7-313-13680-0@dCNY49.80
100    @a20150923d2015 em y0chiy50 ea
101 0  @achi
102    @aCN@b310000
105    @aak z 000yy
200 1  @aAccess 2010数据库应用案例教程@9Access 2010shu ju ku ying yong an li jiao cheng@b专著@f国静萍,高云全,刘建新主编
210    @a上海@c上海交通大学出版社@d2015
215    @a381页@c图@d26cm
300    @a计算机精品教材
330    @a本书主要内容包括:Access基础知识、数据表、查询、窗体、报表、宏、VBA程序设计、数据的导入、导出与安全设置、经典案例——Access在进销存管理系统中的应用。
606 0  @a关系数据库系统@x高等学校@j教材
610 0  @aAccess
690    @aTP311.138AC@v5
690    @aTP311.138@v4
701  0 @a国静萍@9guo jing ping@4主编
701  0 @a高云全@9gao yun quan@4主编
701  0 @a刘建新@9liu jian xin@4主编
801  0 @aCN@b91MARC@c20160705
905    @aMuseLib@dTP311.138@e1247
    
    Access 2010数据库应用案例教程/国静萍,高云全,刘建新主编.-上海:上海交通大学出版社,2015
    381页:图;26cm
    计算机精品教材
    
    ISBN 978-7-313-13680-0:CNY49.80
    本书主要内容包括:Access基础知识、数据表、查询、窗体、报表、宏、VBA程序设计、数据的导入、导出与安全设置、经典案例——Access在进销存管理系统中的应用。
●
相关链接 在E读中查询图书 在五车中查询图书 在当当中查询图书 在豆瓣中查询图书


正题名:Access 2010数据库应用案例教程     索取号:TP311.138/1247         预约/预借

序号 登录号 条形码 馆藏地/架位号 状态 备注
1 1118834   211188347   第二样本阅览室/ [索取号:TP311.138/1247] 在馆    
2 1118835   211188356   第三借阅区/ [索取号:TP311.138/1247] 在馆    
3 1118836   211188365   第三借阅区/ [索取号:TP311.138/1247] 在馆    
4 1118837   211188374   第三借阅区/ [索取号:TP311.138/1247] 在馆    
5 1118838   211188383   第三借阅区/ [索取号:TP311.138/1247] 在馆    
唐山师范学院图书馆 欢迎您!
大连网信软件有限公司© 版权所有